| 000 | 00473nam a2200145Ia 4500 | ||
|---|---|---|---|
| 041 | _aArabic | ||
| 082 | _a269,2 cut-944 م | ||
| 100 | _a20260118u\\\\\\\\\\\y0engy0103\\\\ba | ||
| 100 | _aعبدالحسين علي المنذري | ||
| 245 | 0 | _aالنظام المالي الاسلامي من الالف الى الياء | |
| 250 | _aط1 | ||
| 260 |
_bمكتبة الدار العربية للعلوم _aبغداد -العراق _c2023 |
||
| 300 | _a143 | ||
| 942 | _cBk | ||
| 999 |
_c188150 _d188150 |
||